From the Fjords to the Nile : essays in honour of Richard Holton Pierce on his 80th birthday /

محفوظ في:

مؤلفون آخرون: Steiner, Pål., Tsakos, Alexandros., Seland, Eivind Heldaas.

التنسيق: كتاب

اللغة: English
French

منشور في: Oxford : Archaeopress Publishing Ltd, [2018].

سلاسل: Archaeoress archaeology.

الموضوعات:

الوسوم: إضافة وسم

لا توجد وسوم, كن أول من يضع وسما على هذه التسجيلة!

رقم الطلب: D57 .F76 2018

LEADER 01077namaa2200301 4500
003 OSt
005 20251120081054.0
008 130303t20182018enka b 000 0 eng d
020 |a 9781784917760 
040 |c ARCE Library 
041 0 |a eng  |a fre  |b eng 
050 4 |a D57 .F76 2018 
245 0 0 |a From the Fjords to the Nile :   |b essays in honour of Richard Holton Pierce on his 80th birthday /   |c edited by Pål Steiner, Alexandros Tsakos and Eivind Heldaas Seland. 
264 1 |a Oxford :  |b Archaeopress Publishing Ltd,  |c [2018]. 
264 4 |c ©2018. 
300 |a iv, 118 pages :  |b illustrations (some color), map ;  |c 29 cm. 
490 0 |a Archaeoress archaeology. 
504 |a Includes bibliographical references. 
546 |a 10 articles in English and one in French, with an English abstract. 
650 0 |a History, Ancient. 
650 0 |a Civilization, Ancient. 
650 0 |a Civilization, Classical. 
700 1 |a Steiner, Pål. 
700 1 |a Tsakos, Alexandros.  |9 41285 
700 1 |a Seland, Eivind Heldaas.  |9 39653 
901 |a reviewed 
942 |c BK  |2 lcc 
999 |c 615  |d 615